Psychoanalysis In Medicine : Applying Psychoanalytic Thought to Contemporary Medical Care (Record no. 566246)

MARC details
000 -LEADER
fixed length control field 00566nam a2200181Ia 4500
008 - FIXED-LENGTH DATA ELEMENTS--GENERAL INFORMATION
fixed length control field 241212s9999 xx 000 0 und d
020 ## - INTERNATIONAL STANDARD BOOK NUMBER
ISBN 9780367144067
Paper back/Hardbound pbk
041 ## - LANGUAGE CODE
Language code of text/sound track or separate title eng
082 ## - DEWEY DECIMAL CLASSIFICATION NUMBER
Classification number 150.151
Item number BAN
100 ## - MAIN ENTRY--AUTHOR NAME
Personal name Bandura, Albert
245 #0 - TITLE STATEMENT
Title Psychoanalysis In Medicine : Applying Psychoanalytic Thought to Contemporary Medical Care
Statement of responsibility, etc Steinberg, Paul Ian
250 ## - EDITION STATEMENT
Edition statement First edition
260 ## - PUBLICATION, DISTRIBUTION, ETC. (IMPRINT)
Name of publisher Routledge,
Year of publication 2021
300 ## - PHYSICAL DESCRIPTION
Number of Pages 240 pages
Dimensions 22cm.
650 ## - SUBJECT ADDED ENTRY--TOPICAL TERM
Topical Term Medicine and psychology ; Primary health care
942 ## - ADDED ENTRY ELEMENTS (KOHA)
Koha item type English Books
Holdings
Withdrawn status Lost status Damaged status Not for loan Home library Current library Shelving location Date acquired Full call number Accession Number Price effective from Koha item type
        Anna Centenary Library Anna Centenary Library 3RD FLOOR, A WING 01.10.2024 150.151 BAN 698616 01.10.2024 Reference

Find us on the map